000 01401nam2a2200253 4500
001 RU\NLR\BIBL_A\011099102
005 20250625204234.0
010 _a978-5-904555-98-6
_974
021 _aRU
_b2016-20281
_91287
035 _a(NLR Aleph) 011099102
090 _a11410035
_c11410035
100 _a20160408d2015 |||y0rusy50 ca
101 0 _arus
102 _aRU
105 _aa z 100yy
200 0 _aВып. 9
210 _d2015
_aБ. м.
215 _a142 с.
_cил., цв. ил.
320 _aБиблиогр. в конце отд. ст.
461 0 _1001RU\NLR\BIBL_A\011108658
_12001#$aРазведочная и промысловая геофизика: проблемы и пути их решения$eДесятая молодежная научно-практическая конференция$eсборник докладов$f[редкол.: Р. Я. Адиев, к.т.н. (пред.) и др.]$vВып. 9
_911462256
_cУфа
_d2015
_f[редкол.: Р. Я. Адиев, к.т.н. (пред.) и др.]
_nИнформреклама
_oДесятая молодежная научно-практическая конференция : сборник докладов
_tРазведочная и промысловая геофизика: проблемы и пути их решения
_vВып. 9
942 _cBOOK
980 _aNB